000 00310nam a2200121Ia 4500
008 190216s9999||||xx |||||||||||||| ||und||
100 _aStreitwieser A Jr.
245 0 _aMolecular Orbital Theory For Organic Chemists
260 _bJohn Wiley & Sons
_c1961
300 _a489p
650 _aChemistry
942 _cBK
999 _c2361
_d2361